Brief History of the K.G.V;S own Bengal sappers and miners (Record no. 552596)
[ view plain ]
| 000 -LEADER | |
|---|---|
| fixed length control field | 00447ncm a2200157 a 4500 |
| 020 ## - INTERNATIONAL STANDARD BOOK NUMBER | |
| International Standard Book Number | (hb) |
| 082 ## - DEWEY DECIMAL CLASSIFICATION NUMBER | |
| Classification number | 355.2095492 |
| Author Mark | BRI |
| 100 1# - MAIN ENTRY--PERSONAL NAME | |
| Personal name | K.G.V. |
| 9 (RLIN) | 49849 |
| 245 1# - TITLE STATEMENT | |
| Title | Brief History of the K.G.V;S own Bengal sappers and miners |
| 260 ## - PUBLICATION, DISTRIBUTION, ETC. | |
| Place of publication, distribution, etc. | Oxford: |
| Name of publisher, distributor, etc. | Clarendon Press, |
| Date of publication, distribution, etc. | 1940 |
| 300 ## - PHYSICAL DESCRIPTION | |
| Extent | 256p. |
| 526 ## - STUDY PROGRAM INFORMATION NOTE | |
| Program name | 0 |
| Interest level | 0 |
| Reading level | 0 |
| Title point value | 355_209549200000000_BRI |
| 526 ## - STUDY PROGRAM INFORMATION NOTE | |
| Program name | 0 |
| Interest level | 0 |
| Reading level | 0 |
| Title point value | 355_209549200000000_BRI |
| 650 ## - SUBJECT ADDED ENTRY--TOPICAL TERM | |
| Topical term or geographic name entry element | India -- History |
| 9 (RLIN) | 6814 |
| 942 ## - ADDED ENTRY ELEMENTS (KOHA) | |
| Source of classification or shelving scheme | |
| Koha item type | Book |
| Withdrawn status | Lost status | Source of classification or shelving scheme | Damaged status | Not for loan | Permanent Location | Current Location | Date acquired | Total Checkouts | Full call number | Barcode | Date last seen | Price effective from | Koha item type |
|---|---|---|---|---|---|---|---|---|---|---|---|---|---|
| Military College of Engineering (MCE) | Military College of Engineering (MCE) | 01/20/2015 | 355.2095492 BRI | MCE-CB/37.2 | 01/20/2015 | 01/20/2015 | Book | ||||||
| Military College of Engineering (MCE) | Military College of Engineering (MCE) | 01/21/2015 | 355.2095492 BRI | MCE-ECB/37 | 01/21/2015 | 01/21/2015 | Book |
